Thailand / (Record no. 6372)
[ view plain ]
| 000 -LEADER | |
|---|---|
| fixed length control field | 01703nam a22002657a 4500 |
| 001 - CONTROL NUMBER | |
| control field | 6372 |
| 003 - CONTROL NUMBER IDENTIFIER | |
| control field | FISKH |
| 005 - DATE AND TIME OF LATEST TRANSACTION | |
| control field | 20250508090745.0 |
| 008 - FIXED-LENGTH DATA ELEMENTS--GENERAL INFORMATION | |
| fixed length control field | 250424b cb ||||| |||| 00| 0 eng d |
| 020 ## - INTERNATIONAL STANDARD BOOK NUMBER | |
| International Standard Book Number | 9781742205809 |
| 040 ## - CATALOGING SOURCE | |
| Original cataloging agency | FISKH |
| Language of cataloging | eng |
| Transcribing agency | FISKH |
| Modifying agency | FISKH |
| 050 ## - LIBRARY OF CONGRESS CALL NUMBER | |
| Classification number | G153.7 |
| 082 ## - DEWEY DECIMAL CLASSIFICATION NUMBER | |
| Classification number | 915.930444 |
| 100 ## - MAIN ENTRY--PERSONAL NAME | |
| Personal name | Williams, China |
| 245 ## - TITLE STATEMENT | |
| Title | Thailand / |
| Statement of responsibility, etc. | This edition written and researched by China Williams, Mark Beales , Tim Bewer, Celeste Brash, Austin Bush, David Eimer and Adam Skolnick |
| 260 ## - PUBLICATION, DISTRIBUTION, ETC. | |
| Place of publication, distribution, etc. | Melbourne : |
| Name of publisher, distributor, etc. | Lonely Planet , |
| Date of publication, distribution, etc. | 2014. |
| 300 ## - PHYSICAL DESCRIPTION | |
| Extent | 798 pages : |
| Other physical details | color illustrations , maps ; |
| Dimensions | 20 cm . |
| 490 ## - SERIES STATEMENT | |
| Series statement | Lonely Planet |
| 520 ## - SUMMARY, ETC. | |
| Summary, etc. | Friendly and fun-loving, exotic and tropical, cultured and historic, Thailand radiates a golden hue from its glittering temples and tropical beaches to the ever-comforting Thai smile.<br/><br/>Lonely Planet will get you to the heart of Thailand, with amazing travel experiences and the best planning advice:<br/>Inspirational images, 3D illustrations, city walks and recommendations from our expert authors<br/>Planning features and top itineraries to help you plan the perfect trip<br/>Local secrets and hidden travel gems that will make your trip unique<br/>Plus a food spotter’s guide, islands and beaches planner and a responsible travel feature<br/><br/>Coverage includes: Planning, Bangkok & around, Central Thailand, Ko Chang & East, Chiang Mai Province, Northern Thailand, Northeastern Thailand, Hua Hin & Southern Gulf, Ko Samui & Lower Gulf, Phuket & Andaman Coast, Understand |
| 650 ## - SUBJECT ADDED ENTRY--TOPICAL TERM | |
| Topical term or geographic name entry element | Southeast Asia |
| Form subdivision | Non-fiction |
| 650 ## - SUBJECT ADDED ENTRY--TOPICAL TERM | |
| Topical term or geographic name entry element | Travel guide |
| Form subdivision | Non-fiction |
| 700 ## - ADDED ENTRY--PERSONAL NAME | |
| Personal name | Beales, Mark |
| Relator term | Illustrator |
| 942 ## - ADDED ENTRY ELEMENTS (KOHA) | |
| Source of classification or shelving scheme | Dewey Decimal Classification |
| Koha item type | Books |
| Suppress in OPAC | No |
| Withdrawn status | Lost status | Source of classification or shelving scheme | Damaged status | Not for loan | Collection | Home library | Current library | Shelving location | Date acquired | Total Checkouts | Full call number | Barcode | Date last seen | Date last checked out | Price effective from | Koha item type |
|---|---|---|---|---|---|---|---|---|---|---|---|---|---|---|---|---|
| Dewey Decimal Classification | Non-Fiction | Footprints International School Library Network Toul Tom Poung Campus | Footprints International School Library Network Toul Tom Poung Campus | TTP Secondary Non-Fiction Bookshelves | 04/24/2025 | 1 | WIL 915.930444 G153.7 | 2025-1116 | 11/10/2025 | 10/31/2025 | 04/24/2025 | Books |
